Pootli a story of life in Bombay (Record no. 1446362)

MARC details
000 -LEADER
fixed length control field 00559nam a2200205Ia 4500
005 - DATE AND TIME OF LATEST TRANSACTION
control field 20250923145036.0
008 - FIXED-LENGTH DATA ELEMENTS--GENERAL INFORMATION
fixed length control field 008 250917s9999 xx 000 0 eng d
037 ## - SOURCE OF ACQUISITION
Stock number Textual
040 ## - CATALOGING SOURCE
Original cataloging agency DSWL
Language of cataloging eng
Transcribing agency DSWL
041 ## - LANGUAGE CODE
Language code of text/sound track or separate title eng
Source of code eng
084 ## - COLON CLASSIFICATION NUMBER
Classification number O111,3
Assigning agency DSWL
100 ## - MAIN ENTRY--PERSONAL NAME
Personal name Chinoy, A.F.J.
9 (RLIN) 831187
245 #0 - TITLE STATEMENT
Title Pootli a story of life in Bombay
Statement of responsibility, etc. by A.F.J. Chinoy
260 ## - PUBLICATION, DISTRIBUTION, ETC.
Place of publication, distribution, etc. Sussex
Name of publisher, distributor, etc. St. Strand T.Werner Ltd.
300 ## - PHYSICAL DESCRIPTION
Extent iv,59 p.
365 ## - TRADE PRICE
Price type code INR
Price amount 5
925 ## -
-- 5
942 ## - ADDED ENTRY ELEMENTS (KOHA)
Koha item type Textual
Classification part O111,3
Holdings
Withdrawn status Lost status Damaged status Not for loan Home library Current library Date acquired Inventory number Total Checkouts Full call number Barcode Date last seen Price effective from Koha item type
        Department of Social Work Library Department of Social Work Library 2025-09-23 3383 28/02/1966   O111,3 SW0011913 2025-09-23 2025-09-23 Textual
Copyright @ Delhi University Library System